A discipline of programming /

Gespeichert in:
Bibliographische Detailangaben
1. Verfasser: Dijkstra, Edsger W (Verfasst von)
Format: Buch
Sprache:Slowakisch
Veröffentlicht: Englewood Cliffs : Prentice Hall
Schriftenreihe:Prentice-Hall Series in Automatic Computation
Tags: Tag hinzufügen
Keine Tags, Fügen Sie das erste Tag hinzu!

MARC

LEADER 00000nam a22000003a 4500
001 stu579
005 20200917114636.3
008 910610s--------cs------------------slo-d
040 |a STU  |b slo 
041 0 |a slo 
044 |a cs 
080 |a 681.32.06 
080 |a 519.76 
100 1 |a Dijkstra, Edsger W  |4 aut 
245 1 |a A discipline of programming /  |c [aut.] Dijkstra,Edsger W 
260 |a Englewood Cliffs :  |b Prentice Hall 
300 |a 217 s 
830 0 |a Prentice-Hall Series in Automatic Computation 
996 |b 284IK06811  |c I*21TP2230  |l II680  |s A  |a 24  |w stu579_0001 
996 |b I4484  |c I*4484  |l II680  |s A  |a 24  |w stu579_0002